|
|
|
|
| LEADER |
01851nam a2200445 4500 |
| 001 |
ocn930703410 |
| 003 |
OCoLC |
| 005 |
20180501122028.0 |
| 006 |
m o d |
| 007 |
cr cnu|||unuuu |
| 008 |
151201s2015 maua o 001 0 eng d |
| 040 |
|
|
|a N$T
|b eng
|e rda
|e pn
|c N$T
|d OPELS
|d N$T
|d IDEBK
|d YDXCP
|d CDX
|d OCLCF
|d EBLCP
|d OCLCQ
|d OCLCO
|d CNCGM
|d OCLCQ
|d MERUC
|d MEU
|d GrThAP
|
| 019 |
|
|
|a 932333949
|
| 020 |
|
|
|a 9780128034194
|q (electronic bk.)
|
| 020 |
|
|
|a 012803419X
|q (electronic bk.)
|
| 020 |
|
|
|a 9780128034156
|
| 020 |
|
|
|a 0128034157
|
| 035 |
|
|
|a (OCoLC)930703410
|z (OCoLC)932333949
|
| 050 |
|
4 |
|a QP551
|b .P695 v.136eb
|
| 072 |
|
7 |
|a SCI
|x 056000
|2 bisacsh
|
| 082 |
0 |
4 |
|a 571.9/66
|2 23
|
| 049 |
|
|
|a TEFA
|
| 245 |
0 |
0 |
|a Regulatory T Cells in Health and Disease /
|c edited by Adrian Liston.
|
| 264 |
|
1 |
|a Waltham, MA :
|b Academic Press is an imprint of Elsevier,
|c 2015.
|
| 300 |
|
|
|a 1 online resource (xiii, 285 pages :
|b illustrations).
|
| 336 |
|
|
|a text
|b txt
|2 rdacontent
|
| 337 |
|
|
|a computer
|b c
|2 rdamedia
|
| 338 |
|
|
|a online resource
|b cr
|2 rdacarrier
|
| 490 |
1 |
|
|a Progress in molecular biology and translational science ;
|v volume 136
|
| 546 |
|
|
|a Text in English.
|
| 500 |
|
|
|a Includes index.
|
| 588 |
0 |
|
|a Online resource; title from title details screen (ScienceDirect, viewed December 2, 2015).
|
| 650 |
|
0 |
|a T cells.
|
| 650 |
|
7 |
|a SCIENCE
|x Life Sciences
|x Anatomy & Physiology.
|2 bisacsh
|
| 650 |
|
7 |
|a T cells.
|2 fast
|0 (OCoLC)fst01141544
|
| 655 |
|
4 |
|a Electronic books.
|
| 700 |
1 |
|
|a Liston, Adrian,
|e editor.
|
| 776 |
0 |
8 |
|i Print version:
|a Liston, Adrian.
|t Regulatory T Cells in Health and Disease.
|d : Elsevier Science, ©2015
|z 9780128034156
|
| 830 |
|
0 |
|a Progress in molecular biology and translational science ;
|v v. 136.
|
| 856 |
4 |
0 |
|u https://www.sciencedirect.com/science/bookseries/18771173/136
|z Full Text via HEAL-Link
|